00238nam a2200085Ia 4500008004100000100001500041245004600056260004100102300000900143190216s9999||||xx |||||||||||||| ||und|| aGrewal T S 0aSupplement To Introduction To Accountancy bPrentice Hall Of India Pvt Ltdc1966 a127p